000
00337nam a2200133Ia 4500
008
240624s9999 xx 000 0 und d
041
_a
eng
082
_a
338.7 COL
100
_a
COLL STEVE
245
_a
PRIVATE EMPIRE EXXONMOBIL AND AMERICAN P
260
_c
2013
_a
New York
_b
Penguin Books
300
_a
685 p.; 23 cm.
365
_c
_b
38
999
_c
30618
_d
30618